Quizzes
Events
Quiz Creation
Community
Videos
Private Events
Remove Ads
Sign In
Join for FREE
Feedback
Dark Mode
Quiz Categories
Sports
Geography
Music
Movies
Television
Just For Fun
Miscellaneous
History
Literature
Language
Science
Gaming
Entertainment
Religion
Holiday
For Kids
Quiz Lab
Recent
Popular Today
Quiz Kudos Today
Editor Picks
Curator Picks
Quizzes by...
Day
Popularity
Type
Ratings
Length
Year
Community
Subscriptions
Recent Discussions
Orange Saloon
Badges
Playlists
Quests
Create
Leaderboards
Showdown
Live 5
Trivia Bingo
Activity
Puzzle Library
Sporcle Events
Private Events
Virtual Trivia
Globe League
Become a Host
Pub Owners
SporcleCon
Opinionation
Our Games
Videos
Blog
Mobile Apps
Partnerships
Remove Ads and Go Orange
Feedback
Just For Fun
Clickable
Get the Picture
Humor
Quick Pick
Word Ladder
Missing Word
Mixed Word
Blitz
Minefield
This or That
Alphabet
Color
Typing
Sporcle
Puzzle
Word Play
Follow That Line
Logic
Just For Fun
Clickable
Get the Picture
Humor
Quick Pick
Word Ladder
Missing Word
Mixed Word
Blitz
Minefield
This or That
Alphabet
Color
Typing
Sporcle
Puzzle
Word Play
Follow That Line
Logic
Random Quiz
Search Sporcle
×
Quiz Lab
Quiz Lab
Just For Fun
UK
Type in answers that appear in a list
Type in answers that appear in a list
Classic
Best Score? Go Orange.
British Superstitions Stats
Can you name the Superstition?
By
Pongo_Lycaon
15m
23 Questions
255 Plays
255 Plays
255 Plays
Comments
Comments
Give Quiz Kudos
Give Quiz Kudos
-
- Ratings
hide this ad
Replay
Link that replays current quiz
Next Quiz
Link to next quiz in quiz playlist
You Got
0%
They Got
Avg Score
31%
Avg Friend Score
Upgrade to see
Score Distribution
Jump to the score distribution portion of the page
Score
0/23
Timer
15:00
0
Plays Today
Hint
Answer
% Correct
How many leaves make clover lucky
4
88.6%
Which bird is it unlucky to see only one of
Magpie
70.2%
It is bad luck if you see this nocturnal animal flying
Bat
63.9%
What shouldn't you open in doors
Umbrella's
63.5%
Turning this lucky item upside down causes the luck to run out
Horseshoe
62.4%
Where should you not put new shoes
On the table
62%
If you spill salt what must you throw a pinch over to counteract the bad luck
Your shoulder
61.6%
What will a white tablecloth left on the table mean for the future
Death
36.9%
It is good luck to be kissed by this man
A chimney sweep
36.5%
What should you put in the pocket of new clothes
Money
31%
It is unlucky to own the feather of this bird
A Peacock
30.6%
You should cut your hair when the moon is...
Waxing
23.9%
Hint
Answer
% Correct
What should you say on the first day of the month before uttering any other word
White rabbits, white rabbits, white rabbits
20.8%
It is bad luck to pass on the stairs but if you stumble going up what will occur
A wedding
12.9%
What must be done with a caught sparrow
Kill it
10.2%
Which tree will protect a house from witches
A Rowan tree
10.2%
Crossed cutlery signals what
A quarrel
8.2%
If you stir food this way it will spoil
Widdershins
8.2%
Bread will not rise if there is what in the vicinity
Corpse
4.3%
What should a child ride on the back of to prevent a whooping cough
A bear
3.9%
What may a slow boiling kettle contain
A toad
2.7%
If you carry a baby 3 times round the house it will protect it from what
Colic
2%
What will happen if the ravens leave the Tower of London
The crown of England will be lost
1.2%
Quiz Playlist
Details
Report
Send in Message
Add To Playlist
Classic:
Type in answers that appear in a list
Quiz Source
Last Updated: Feb 16, 2017
Quiz Scoreboard
CHALLENGE
Sign Up to Join the Scoreboard
Show All
Scores
Hide
Comments
May contain spoilers
Recently Published
College Basketball Coaching Resumes
by pancakes188
Sports
9m
Billboard Blitz: Fleetwood Mac
by CooCooCachoo
Music
15s
Presidents Visiting Landmarks
by Hejman
History
7m
More to Explore
Quiz From the Vault
Featured Blog Post
Where Did the Easter Bunny Come From?
hide this ad
You Might Also Like...
Tags
britain
British
England
Myth
Superstition
UK
Today's Top Quizzes in Just For Fun
Browse Just For Fun
hide this ad
Today's Top Quizzes in UK
Browse UK
Top Contributed Quizzes in Just For Fun
1
Killer Double Trees 224 - Colour Match-Up
2
Spring Typing Challenge
3
Crossword Whiteout! 49
4
Zeroing In: Just For Fun
5
Harry Potter Logic - 'In Chains' II
6
Survivor Winners Logic Puzzle
7
Word Ladder: Ahoy Matey
8
Kyle's 122nd Triple Trees
9
Word Ladder: Wilderness Weapon
10
Edinburgh Fringe jokes 2015
Explore More
Trending Topics
Anime
Disney
Crossword
Harry Potter
Kpop
NBA
Marvel
NFL
Pokémon
Song
The Office
Soccer
Puzzle
WWE
Country
hide this ad
More By:
Pongo_Lycaon
Quiz
Plays
Rating
Category
Featured
Created
British Superstitions
255
1.50
Just For Fun
May 13, 2012
The Pobble Who Has No Toes
20
Literature
May 6, 2012
May 3
10
Just For Fun
May 5, 2012
Go to Creator's Profile
Score Distribution
Quiz Creator Spotlight
Pongo_Lycaon
Follow
Send a Message
Quizzes Created
-
Created Quiz Play Count
-
More By This Creator
Popular Quizzes Today
1
Find the US States - No Outlines Minefield
2
Find the Countries of Europe - No Outlines Minefield
3
The Countries of the World
4
Find the US States
5
Risky Map Clicking: Biggest States A-Z
6
US States
7
Popular People in 1961
8
Movies - When Are They Set?
More Just For Fun Quizzes
Get the Picture: Dumbledore or Gandalf
Published
Trending Quizzes
Risky Map Clicking: Least Populous States A-Z
1-10 Letter G Words
1-10 Letter F Words
Risky Map Clicking: Next State Alphabetically
Click the Washington State Counties! (Map)
Recently Updated
Leaping Animals
pecheneg
Reality TV Shows (A-Z)
bhenderson79
Rickey Henderson's Hall of Fame Teammates
pecheneg
Champions League XIs: Arsenal
pecheneg
Quick Pick: Celebrities in WWE's Hall of Fame
aduchscher
A-Z Keypad Blitz II
pecheneg
Multiple Oscar Actors
pecheneg
Mystery Phrase Blitz: Oscar 'Best Actors'
pecheneg
F. Scott Fitzgerald Novels
LTH
Pick 3 Villains
ddd62291
Trending Topics
Disney
NBA
Anime
Marvel
Kpop
Crossword
Harry Potter
The Office
Pokémon
Soccer
Country
Song
WWE
Puzzle
NFL
Your Account Isn't Verified!
In order to create a playlist on Sporcle, you need to verify the email address you used during registration. Go to your
Sporcle Settings
to finish the process.
Report this User
Report this user for behavior that violates our
Community Guidelines
.
Details:
Send Report
Go to the Sporcle.com Mobile Site →
Comments